[Event "3. ODEM U25 2006"]
[Site "Willingen GER"]
[Date "2006.06.09"]
[Round "8"]
[White "Nuber, Korbinian"]
[Black "Rittemann, Steffen"]
[Result "1/2-1/2"]
[Termination "normal"]
[Board "4"]
[WhiteElo "2121"]
[BlackElo "2060"]
[PlyCount "48"]
[WhiteFideId "24607231"]
[BlackFideId "24620009"]
[EventCountry "GER"]
[EventRounds "9"]
[EventType "swiss"]
[EventDate "2006.06.03"]

1. e4 c5 2. Nc3 e6 3. Nf3 d6 4. g3 Nc6 5. Bg2 g6 6. d4 cxd4 7. Nxd4 a6 8. Nxc6
bxc6 9. e5 d5 10. O-O c5 11. Na4 Rb8 12. c4 d4 13. Bc6+ Bd7 14. Bxd7+ Qxd7 15.
b3 Qc7 16. Qd3 h6 17. f4 h5 18. Qe4 Nh6 19. Bd2 Be7 20. Nb2 O-O 21. Kg2 h4 22.
Qf3 Qb7 23. Qxb7 Rxb7 24. Nd3 Kg7 1/2-1/2

[Event "3. ODEM U25 2006"]
[Site "Willingen GER"]
[Date "2006.06.09"]
[Round "8"]
[White "Seyb, Alexander"]
[Black "Stratonowitsch, Andre"]
[Result "1-0"]
[Termination "normal"]
[Board "5"]
[WhiteElo "2122"]
[BlackElo "1990"]
[PlyCount "85"]
[WhiteFideId "4699033"]
[BlackFideId "24613959"]
[EventCountry "GER"]
[EventRounds "9"]
[EventType "swiss"]
[EventDate "2006.06.03"]

1. e4 c5 2. Nf3 a6 3. c3 d5 4. exd5 Qxd5 5. d4 Bg4 6. Be3 Bxf3 7. Qxf3 Qxf3 8.
gxf3 cxd4 9. Bxd4 Nc6 10. Bb6 Nf6 11. Nd2 e6 12. Bc4 Ne5 13. Bb3 Nd3+ 14. Ke2
Nf4+ 15. Kf1 Be7 16. Rg1 O-O 17. Ne4 N6d5 18. Bd4 Ng6 19. Bxd5 exd5 20. Ng3
Rfe8 21. Nh5 Bf8 22. f4 Rad8 23. f5 Nh4 24. Nf6+ Kh8 25. Nxe8 Rxe8 26. f6 g6
27. Rg3 Nf5 28. Rd3 Re6 29. Re1 Nxd4 30. Rxd4 Rxf6 31. Rxd5 h5 32. Kg2 Kg7 33.
Rd7 b6 34. Re3 a5 35. Rf3 Rxf3 36. Kxf3 Kf6 37. Rb7 Bc5 38. b4 axb4 39. cxb4
Bd4 40. a4 g5 41. a5 bxa5 42. bxa5 g4+ 43. Kg2 1-0

[Event "3. ODEM U25 2006"]
[Site "Willingen GER"]
[Date "2006.06.09"]
[Round "8"]
[White "Coenen, Michael"]
[Black "Held, Florian"]
[Result "1/2-1/2"]
[Termination "normal"]
[Board "6"]
[WhiteElo "2109"]
[BlackElo "2016"]
[PlyCount "65"]
[WhiteFideId "4697367"]
[BlackFideId "24629090"]
[EventCountry "GER"]
[EventRounds "9"]
[EventType "swiss"]
[EventDate "2006.06.03"]

1. e4 c5 2. Nf3 d6 3. d4 cxd4 4. Nxd4 Nf6 5. Nc3 a6 6. Be3 e6 7. f3 b5 8. g4 h6
9. Qd2 b4 10. Nce2 e5 11. Nf5 d5 12. Neg3 Be6 13. g5 hxg5 14. Bxg5 Nc6 15. Rd1
dxe4 16. Qxd8+ Nxd8 17. Bxf6 gxf6 18. fxe4 Bc5 19. h4 Nc6 20. Be2 Nd4 21. Nxd4
Bxd4 22. b3 a5 23. h5 Rc8 24. Bd3 Bg4 25. Rb1 Rh6 26. Rh4 Be6 27. Ke2 Ke7 28.
Kf3 Rg8 29. Rbh1 Rg5 30. R1h2 Kd6 31. Rh1 Ke7 32. R1h2 Kd6 33. Rh1 1/2-1/2

[Event "3. ODEM U25 2006"]
[Site "Willingen GER"]
[Date "2006.06.09"]
[Round "8"]
[White "Sieker, Roland"]
[Black "Billing, Christian"]
[Result "1/2-1/2"]
[Termination "normal"]
[Board "7"]
[WhiteElo "1984"]
[BlackElo "2080"]
[PlyCount "52"]
[WhiteFideId "24600261"]
[BlackFideId "4697294"]
[EventCountry "GER"]
[EventRounds "9"]
[EventType "swiss"]
[EventDate "2006.06.03"]

1. e4 d5 2. Nc3 dxe4 3. Nxe4 Bf5 4. Ng3 Bg6 5. Nf3 e6 6. d4 Nf6 7. c3 c6 8. Bd3
Bd6 9. O-O Nbd7 10. Bg5 Qc7 11. Re1 O-O 12. Qc2 Bxd3 13. Qxd3 h6 14. Be3 Ng4
15. Rad1 Ndf6 16. Bc1 Rad8 17. Qe2 Rfe8 18. Nf1 e5 19. Nxe5 Nxe5 20. dxe5 Bxe5
21. Rxd8 Qxd8 22. Rd1 Qa5 23. Qc4 Nd5 24. g3 Bf6 25. Ne3 Nxe3 26. Bxe3 Rd8
1/2-1/2

[Event "3. ODEM U25 2006"]
[Site "Willingen GER"]
[Date "2006.06.09"]
[Round "8"]
[White "Linsenmeyer, Mario"]
[Black "Reck, Moritz"]
[Result "1/2-1/2"]
[Termination "normal"]
[Board "8"]
[WhiteElo "2022"]
[BlackElo "1904"]
[PlyCount "46"]
[WhiteFideId "24635138"]
[BlackFideId "24647748"]
[EventCountry "GER"]
[EventRounds "9"]
[EventType "swiss"]
[EventDate "2006.06.03"]

1. e4 g6 2. d4 Bg7 3. Nc3 d6 4. f4 Nc6 5. Be3 Nf6 6. Nf3 O-O 7. Be2 e5 8. fxe5
dxe5 9. d5 Ne7 10. O-O Ng4 11. Bg5 h6 12. Bc1 Qd6 13. Kh1 f5 14. Bc4 Kh7 15.
Qe2 a6 16. a4 Nf6 17. exf5 Bxf5 18. Nxe5 Nfxd5 19. Nxd5 Nxd5 20. Rd1 c6 21.
Bxd5 cxd5 22. Nc4 Qc7 23. Ne3 Rad8 1/2-1/2

[Event "3. ODEM U25 2006"]
[Site "Willingen GER"]
[Date "2006.06.09"]
[Round "8"]
[White "Stotyn, Fabian"]
[Black "Knickel, Aaron"]
[Result "0-1"]
[Termination "normal"]
[Board "9"]
[WhiteElo "2129"]
[BlackElo "2007"]
[PlyCount "68"]
[WhiteFideId "24611646"]
[BlackFideId "24605298"]
[EventCountry "GER"]
[EventRounds "9"]
[EventType "swiss"]
[EventDate "2006.06.03"]

1. e4 g6 2. d4 Bg7 3. Be3 d6 4. f3 Nd7 5. Nh3 a6 6. Nf2 c5 7. c3 e6 8. Nd2 b5
9. a4 Rb8 10. axb5 axb5 11. Bd3 Ne7 12. Qe2 c4 13. Bc2 e5 14. d5 f5 15. g3 O-O
16. O-O h6 17. Nd1 Nf6 18. b3 cxb3 19. Nxb3 g5 20. Nb2 g4 21. fxg4 fxe4 22. g5
hxg5 23. Bxg5 Nexd5 24. Bxf6 Nxf6 25. c4 Qb6+ 26. Qf2 e3 27. Qe2 Bg4 28. Qg2 e4
29. Rxf6 Rxf6 30. Qxe4 Bf5 31. Qd5+ Be6 32. Qd3 e2+ 33. Kh1 Qf2 34. Nd2 e1=Q+
0-1

[Event "3. ODEM U25 2006"]
[Site "Willingen GER"]
[Date "2006.06.09"]
[Round "8"]
[White "Willems, Sebastian"]
[Black "Stuhl, Alexander"]
[Result "1/2-1/2"]
[Termination "normal"]
[Board "10"]
[WhiteElo "1886"]
[BlackElo "2115"]
[PlyCount "57"]
[BlackFideId "24601373"]
[EventCountry "GER"]
[EventRounds "9"]
[EventType "swiss"]
[EventDate "2006.06.03"]

1. c4 Nf6 2. Nf3 g6 3. e3 Bg7 4. Be2 d6 5. d3 O-O 6. O-O e5 7. Nc3 Nc6 8. a3
Bg4 9. Qc2 d5 10. cxd5 Nxd5 11. Nxd5 Qxd5 12. h3 Be6 13. Ng5 Rad8 14. Nxe6 Qxe6
15. b4 e4 16. d4 Rxd4 17. b5 Rd6 18. Rb1 Ne7 19. Rb4 f5 20. Qxc7 Rc8 21. Qxb7
Rd7 22. Qa6 Rd6 23. Qa4 Kh8 24. Bb2 Bxb2 25. Rxb2 Qe5 26. Rc2 Rc5 27. Rxc5 Qxc5
28. Rd1 Rxd1+ 29. Qxd1 1/2-1/2

[Event "3. ODEM U25 2006"]
[Site "Willingen GER"]
[Date "2006.06.09"]
[Round "8"]
[White "Kyas, Marcel"]
[Black "Jorczik, Andreas"]
[Result "1-0"]
[Termination "normal"]
[Board "12"]
[WhiteElo "1918"]
[BlackElo "1867"]
[PlyCount "35"]
[WhiteFideId "24642037"]
[BlackFideId "24634921"]
[EventCountry "GER"]
[EventRounds "9"]
[EventType "swiss"]
[EventDate "2006.06.03"]

1. d4 Nf6 2. c4 g6 3. Nc3 Bg7 4. e4 d6 5. f4 e5 6. fxe5 dxe5 7. d5 O-O 8. Nf3
Bg4 9. Be2 Nh5 10. O-O Qc8 11. Be3 b6 12. b4 f5 13. d6 Nd7 14. Nd5 Kh8 15. Nxc7
Rb8 16. Ng5 Bxe2 17. Qxe2 Bh6 18. exf5 1-0

[Event "3. ODEM U25 2006"]
[Site "Willingen GER"]
[Date "2006.06.09"]
[Round "8"]
[White "Albers, Damian"]
[Black "Schneider, Christian"]
[Result "1/2-1/2"]
[Termination "normal"]
[Board "13"]
[WhiteElo "1978"]
[BlackElo "2039"]
[PlyCount "47"]
[WhiteFideId "4695186"]
[BlackFideId "24613886"]
[EventCountry "GER"]
[EventRounds "9"]
[EventType "swiss"]
[EventDate "2006.06.03"]

1. e4 c6 2. d4 d5 3. f3 e6 4. Bf4 Nf6 5. Nc3 Be7 6. Nge2 O-O 7. Qd2 Nbd7 8. Ng3
Nb6 9. a4 a5 10. Be2 Bd7 11. O-O c5 12. e5 Ne8 13. Be3 Qc7 14. f4 g6 15. Nb5
Bxb5 16. Bxb5 Ng7 17. Ne2 Nf5 18. Bf2 cxd4 19. Nxd4 Nxd4 20. Qxd4 Nd7 21. Qd2
Nc5 22. Bxc5 Bxc5+ 23. Kh1 Rac8 24. Bd3 1/2-1/2

[Event "3. ODEM U25 2006"]
[Site "Willingen GER"]
[Date "2006.06.09"]
[Round "8"]
[White "Huhnstock, Rico"]
[Black "Onasch, Paul"]
[Result "1/2-1/2"]
[Termination "normal"]
[Board "14"]
[WhiteElo "1795"]
[BlackElo "1798"]
[PlyCount "40"]
[WhiteFideId "24642932"]
[BlackFideId "24647896"]
[EventCountry "GER"]
[EventRounds "9"]
[EventType "swiss"]
[EventDate "2006.06.03"]

1. e4 d5 2. exd5 Qxd5 3. Nc3 Qa5 4. d4 c6 5. Bd2 Bf5 6. Bc4 e6 7. Nf3 Nf6 8.
Ne5 Nbd7 9. Nd5 Qd8 10. Ne3 Bg6 11. Qe2 Nxe5 12. dxe5 Nd7 13. f4 Qc7 14. O-O-O
O-O-O 15. g4 Be4 16. Rhf1 Bd5 17. Nxd5 cxd5 18. Bb5 Nc5 19. Be3 a6 20. Bxc5
Bxc5 1/2-1/2

[Event "3. ODEM U25 2006"]
[Site "Willingen GER"]
[Date "2006.06.09"]
[Round "8"]
[White "Hinz, Arne"]
[Black "Dalakian, Haroutioun"]
[Result "0-1"]
[Termination "normal"]
[Board "15"]
[WhiteElo "1784"]
[BlackElo "1953"]
[PlyCount "84"]
[WhiteFideId "24634875"]
[BlackFideId "24632058"]
[EventCountry "GER"]
[EventRounds "9"]
[EventType "swiss"]
[EventDate "2006.06.03"]

1. e4 e5 2. Nf3 Nc6 3. Bb5 a6 4. Ba4 Nf6 5. O-O Be7 6. Re1 b5 7. Bb3 d6 8. h3
O-O 9. c3 Na5 10. Bc2 c5 11. d4 Qc7 12. Nbd2 Re8 13. d5 c4 14. Nf1 Nd7 15. Ng3
g6 16. Nh2 Nb6 17. Ng4 Bxg4 18. Qxg4 Kh8 19. f4 exf4 20. Bxf4 Bf6 21. Bg5 Bg7
22. Rf1 Kg8 23. Qh4 Nd7 24. Qf4 Ne5 25. Bf6 Bxf6 26. Qxf6 Nb7 27. Ne2 Nc5 28.
Nd4 Qe7 29. Qxe7 Rxe7 30. Rae1 Kg7 31. Nf3 Ned3 32. Bxd3 Nxd3 33. Re2 Rae8 34.
Ne1 Rxe4 35. Rxe4 Rxe4 36. Nxd3 cxd3 37. Rd1 Re2 38. b4 d2 39. Kh2 Kf6 40. Kg3
Re3+ 41. Kf2 Rd3 42. Ke2 Rxd5 0-1

[Event "3. ODEM U25 2006"]
[Site "Willingen GER"]
[Date "2006.06.09"]
[Round "8"]
[White "Jung, Gerhard"]
[Black "Sonntag, Hermann"]
[Result "0-1"]
[Termination "normal"]
[Board "16"]
[WhiteElo "1836"]
[BlackElo "2047"]
[PlyCount "34"]
[WhiteFideId "24629812"]
[BlackFideId "4695925"]
[EventCountry "GER"]
[EventRounds "9"]
[EventType "swiss"]
[EventDate "2006.06.03"]

1. e4 e6 2. Nf3 d5 3. Nc3 Nf6 4. e5 Nfd7 5. d4 c5 6. dxc5 Bxc5 7. Bd3 Nc6 8.
Bf4 Qb6 9. O-O Qb4 10. Bg3 a6 11. a3 Qg4 12. Re1 O-O 13. h4 Qxg3 14. Bxh7+ Kxh7
15. Ng5+ Kg8 16. Qh5 Bxf2+ 17. Kh1 Qxh4+ 0-1

[Event "3. ODEM U25 2006"]
[Site "Willingen GER"]
[Date "2006.06.09"]
[Round "8"]
[White "Geshnizjani, Ramin"]
[Black "Elser, Niklas"]
[Result "1/2-1/2"]
[Termination "normal"]
[Board "17"]
[WhiteElo "2035"]
[BlackElo "1709"]
[PlyCount "55"]
[WhiteFideId "24633089"]
[BlackFideId "24634573"]
[EventCountry "GER"]
[EventRounds "9"]
[EventType "swiss"]
[EventDate "2006.06.03"]

1. e4 c5 2. Nf3 e6 3. d4 cxd4 4. Nxd4 Nf6 5. Nc3 d6 6. Be2 a6 7. Be3 b5 8. Bf3
b4 9. e5 dxe5 10. Bxa8 exd4 11. Bf4 bxc3 12. bxc3 Nbd7 13. cxd4 Bb4+ 14. Bd2
Bd6 15. Rb1 Qc7 16. Qe2 Qa7 17. Qf3 Qxd4 18. Bc3 Qc4 19. Qc6 Qxc6 20. Bxc6 O-O
21. O-O Ne5 22. Ba4 Bd7 23. Bxd7 Nexd7 24. Rfd1 Ne4 25. Be1 Nb8 26. Rxd6 Nxd6
27. Bb4 Nc6 28. Bxd6 1/2-1/2

[Event "3. ODEM U25 2006"]
[Site "Willingen GER"]
[Date "2006.06.09"]
[Round "8"]
[White "Jussupow, Alexander"]
[Black "Bergner, Philipp"]
[Result "1-0"]
[Termination "normal"]
[Board "18"]
[WhiteElo "1972"]
[BlackElo "1668"]
[PlyCount "43"]
[WhiteFideId "24613509"]
[BlackFideId "24664839"]
[EventCountry "GER"]
[EventRounds "9"]
[EventType "swiss"]
[EventDate "2006.06.03"]

1. d4 Nf6 2. Nf3 d5 3. e3 c5 4. b3 Nbd7 5. Bd3 e6 6. Bb2 b6 7. Nbd2 Bb7 8. Ne5
Qc7 9. f4 Be7 10. O-O O-O 11. Qe2 Ne4 12. Nxe4 dxe4 13. Bc4 g6 14. Qg4 Bf6 15.
Bxe6 fxe6 16. Qxe6+ Kh8 17. Nxd7 Bc8 18. Qxf6+ Rxf6 19. Nxf6 cxd4 20. Bxd4 Qxc2
21. Rac1 Qxa2 22. Rc7 1-0

[Event "3. ODEM U25 2006"]
[Site "Willingen GER"]
[Date "2006.06.09"]
[Round "8"]
[White "Rath, Oliver"]
[Black "Balz, Christian"]
[Result "1-0"]
[Termination "normal"]
[Board "21"]
[WhiteElo "1887"]
[BlackElo "1637"]
[PlyCount "83"]
[WhiteFideId "24610380"]
[BlackFideId "24664367"]
[EventCountry "GER"]
[EventRounds "9"]
[EventType "swiss"]
[EventDate "2006.06.03"]

1. c4 c5 2. Nc3 Nf6 3. g3 e6 4. Bg2 Be7 5. e4 d6 6. Nge2 Nbd7 7. O-O O-O 8. d3
a6 9. f4 Rb8 10. h3 b5 11. b3 Ne8 12. f5 Bf6 13. Bb2 Bd4+ 14. Nxd4 cxd4 15. Ne2
e5 16. Rc1 Nc5 17. Qd2 a5 18. cxb5 Rxb5 19. g4 Ba6 20. Rf3 f6 21. Ba3 Qb6 22.
Ng3 Nxb3 23. axb3 Rxb3 24. Ra1 Rf7 25. Bf1 Rc7 26. Ne2 Kh8 27. Kh1 Qb5 28. Rg3
Rxd3 29. Nxd4 Rxd4 30. Bxb5 Rxd2 31. Bxa6 Rcc2 32. Rc1 Rxc1+ 33. Bxc1 Rd1+ 34.
Rg1 Rd4 35. Re1 Nc7 36. Bf1 d5 37. Bb2 Rd2 38. Rc1 Rxb2 39. Rxc7 h6 40. exd5
Rd2 41. Rc5 a4 42. Ra5 1-0

[Event "3. ODEM U25 2006"]
[Site "Willingen GER"]
[Date "2006.06.09"]
[Round "8"]
[White "Gonnermann, Jan"]
[Black "Schmitt, Philipp"]
[Result "0-1"]
[Termination "normal"]
[Board "22"]
[WhiteElo "1689"]
[BlackElo "1887"]
[PlyCount "72"]
[WhiteFideId "24646830"]
[BlackFideId "24641766"]
[EventCountry "GER"]
[EventRounds "9"]
[EventType "swiss"]
[EventDate "2006.06.03"]

1. e4 e6 2. Nf3 d5 3. Nc3 c5 4. exd5 exd5 5. Bb5+ Nc6 6. O-O Nf6 7. Qe2+ Be7 8.
Re1 h6 9. d4 Be6 10. dxc5 Bxc5 11. Ne5 Qc8 12. Ng6 fxg6 13. Bxc6+ bxc6 14.
Qxe6+ Qxe6 15. Rxe6+ Kd7 16. Re1 Ng4 17. Rf1 Nxf2 18. Rxf2 Rhf8 19. Nd1 Rxf2
20. Nxf2 Rf8 21. Be3 Bxe3 22. Rf1 Kd6 23. g3 Ke5 24. Kg2 Bxf2 25. Rxf2 Rxf2+
26. Kxf2 Ke4 27. Ke2 c5 28. Kf2 c4 29. Ke2 d4 30. b4 g5 31. a4 g4 32. a5 Kd5
33. Kd2 Kc6 34. c3 dxc3+ 35. Kc2 Kb5 36. Kxc3 a6 0-1

[Event "3. ODEM U25 2006"]
[Site "Willingen GER"]
[Date "2006.06.09"]
[Round "8"]
[White "Billing, Alexander"]
[Black "Balkan, Levent"]
[Result "0-1"]
[Termination "normal"]
[Board "23"]
[WhiteElo "1790"]
[BlackElo "1380"]
[PlyCount "86"]
[WhiteFideId "24624420"]
[EventCountry "GER"]
[EventRounds "9"]
[EventType "swiss"]
[EventDate "2006.06.03"]

1. e4 e5 2. Nf3 Nc6 3. d4 exd4 4. Nxd4 Nf6 5. Nxc6 bxc6 6. e5 Qe7 7. Qe2 Nd5 8.
c4 Ba6 9. b3 g5 10. Ba3 d6 11. exd6 Qxe2+ 12. Bxe2 Bg7 13. cxd5 Bxe2 14. Kxe2
Bxa1 15. dxc6 cxd6 16. Bxd6 O-O-O 17. Bc5 Rhe8+ 18. Kf3 Bd4 19. Bxd4 Rxd4 20.
Rc1 f5 21. g3 Rd3+ 22. Kg2 Kc7 23. Na3 a6 24. Nc2 Rc3 25. Kf1 Re6 26. Re1 Rxe1+
27. Nxe1 Kxc6 28. Ke2 Kd5 29. Kd2 Rc6 30. Nd3 Rh6 31. Ke3 Rxh2 32. Nb4+ Ke6 33.
Nxa6 f4+ 34. gxf4 gxf4+ 35. Kf3 Kf5 36. Nb4 h5 37. Nd3 Rh3+ 38. Ke2 h4 39. f3
Rg3 40. a4 h3 41. Nf2 h2 42. a5 Rg2 43. Kf1 Rxf2+ 0-1

[Event "3. ODEM U25 2006"]
[Site "Willingen GER"]
[Date "2006.06.09"]
[Round "8"]
[White "Rummer, Evi"]
[Black "Klebanov, Andrej"]
[Result "0-1"]
[Termination "normal"]
[Board "24"]
[WhiteElo "1530"]
[BlackElo "1758"]
[PlyCount "124"]
[WhiteFideId "12900117"]
[BlackFideId "24669989"]
[EventCountry "GER"]
[EventRounds "9"]
[EventType "swiss"]
[EventDate "2006.06.03"]

1. e4 e6 2. d4 d5 3. e5 c5 4. Nf3 Nc6 5. c3 Qb6 6. Be2 Nh6 7. O-O cxd4 8. cxd4
Nf5 9. b3 Nfxd4 10. Be3 Nxf3+ 11. Bxf3 Qc7 12. Bf4 Nxe5 13. Bxd5 exd5 14. Bxe5
Qxe5 15. Re1 Bd6 16. Nc3 O-O 17. Rxe5 Bxe5 18. Rc1 Be6 19. Nb5 Rfc8 20. Rxc8+
Rxc8 21. Nxa7 Rc5 22. g3 Ra5 23. Qe1 Bc7 24. Qc3 Bd8 25. Nc8 Ra6 26. Qe5 h6 27.
Qb8 Kh7 28. Ne7 Bxe7 29. Qxb7 Rd6 30. Qxe7 Rd7 31. Qb4 d4 32. Qd2 d3 33. f4 Bf5
34. a4 Rc7 35. Qa5 Rc1+ 36. Kf2 Rc2+ 37. Ke3 Re2+ 38. Kd4 Be4 39. Qb5 f5 40. h3
Rg2 41. Kc3 Rc2+ 42. Kd4 d2 43. Qe2 Rc8 44. Qxd2 Rd8+ 45. Ke3 Rxd2 46. Kxd2 Kg6
47. b4 Kf6 48. Kc3 Ke6 49. Kd4 Kd6 50. b5 Bg2 51. h4 Bf1 52. b6 Ba6 53. a5 Bb7
54. Kc4 Ba6+ 55. Kd4 h5 56. Kc3 Kc5 57. Kd2 Kb5 58. Ke3 Kxa5 59. Kd4 Kxb6 60.
Ke5 g6 61. Kf6 Be2 62. Ke6 Kc5 0-1

[Event "3. ODEM U25 2006"]
[Site "Willingen GER"]
[Date "2006.06.09"]
[Round "8"]
[White "Mertens, Fridolin"]
[Black "Srokovskiy, Alexander"]
[Result "0-1"]
[Termination "normal"]
[Board "25"]
[WhiteElo "1694"]
[BlackElo "1493"]
[PlyCount "50"]
[WhiteFideId "24671940"]
[BlackFideId "24676330"]
[EventCountry "GER"]
[EventRounds "9"]
[EventType "swiss"]
[EventDate "2006.06.03"]

1. e4 d5 2. exd5 Qxd5 3. Nc3 Qa5 4. d4 Nf6 5. Bc4 Bg4 6. f3 Bf5 7. Nge2 Nc6 8.
Ng3 Bg6 9. Bf4 O-O-O 10. Nge2 e5 11. Be3 exd4 12. Nxd4 Nxd4 13. Bxd4 c5 14. O-O
Rxd4 15. Qe2 Rd8 16. a3 Bd6 17. Nb5 Rhe8 18. Qf2 a6 19. b4 Qb6 20. Nxd6+ Qxd6
21. Rfd1 Qxd1+ 22. Rxd1 Rxd1+ 23. Bf1 Ree1 24. Qxc5+ Kb8 25. h3 Rxf1+ 0-1

[Event "3. ODEM U25 2006"]
[Site "Willingen GER"]
[Date "2006.06.09"]
[Round "8"]
[White "Schäfer, Simon"]
[Black "Kling, Felix"]
[Result "0-1"]
[Termination "normal"]
[Board "26"]
[WhiteElo "1488"]
[BlackElo "1684"]
[PlyCount "77"]
[EventCountry "GER"]
[EventRounds "9"]
[EventType "swiss"]
[EventDate "2006.06.03"]

1. d4 d6 2. c4 e5 3. dxe5 dxe5 4. Qxd8+ Kxd8 5. Nc3 Be6 6. b3 c6 7. Nf3 f6 8.
g3 Kc7 9. Bg2 Nd7 10. O-O Bb4 11. Bb2 a5 12. Rac1 Bc5 13. Na4 Be7 14. Rfd1 Nh6
15. Kf1 Rhd8 16. Bc3 b6 17. h3 Nc5 18. Rxd8 Rxd8 19. Nxc5 Bxc5 20. e3 Nf7 21.
Ke2 Ra8 22. Ra1 Bb4 23. Bxb4 axb4 24. Nd2 Nd6 25. Ke1 b5 26. Bf1 bxc4 27. Nxc4
Bxc4 28. Bxc4 Nxc4 29. bxc4 Ra3 30. Kd2 Rc3 31. Rc1 Rxc1 32. Kxc1 Kb6 33. Kc2
e4 34. h4 h5 35. Kb2 Kc5 36. Kb3 g6 37. a4 bxa3 38. Kxa3 Kxc4 39. Kb2 0-1

[Event "3. ODEM U25 2006"]
[Site "Willingen GER"]
[Date "2006.06.09"]
[Round "8"]
[White "Wisheckel, Florian"]
[Black "Weber, Andre"]
[Result "1-0"]
[Termination "normal"]
[Board "28"]
[WhiteElo "1482"]
[BlackElo "1611"]
[PlyCount "83"]
[WhiteFideId "24678090"]
[BlackFideId "24677515"]
[EventCountry "GER"]
[EventRounds "9"]
[EventType "swiss"]
[EventDate "2006.06.03"]

1. e4 c5 2. Nf3 d6 3. Nc3 Nc6 4. Bc4 Bg4 5. h3 Bh5 6. d3 e6 7. Be3 a6 8. g4 Bg6
9. a3 Nge7 10. Nh4 d5 11. f4 h6 12. f5 Bh7 13. Ba2 Qd6 14. Bf2 g5 15. Ng2 Bg7
16. Qd2 b5 17. Bb3 Ne5 18. Qe2 d4 19. Nd1 Rc8 20. Bg3 N7c6 21. Rf1 c4 22. dxc4
d3 23. Qd2 Nd4 24. Bxe5 Bxe5 25. Qxd3 bxc4 26. Bxc4 Bg3+ 27. Nf2 Rxc4 28. Qxc4
Nf3+ 29. Ke2 Nd4+ 30. Ke3 Bf4+ 31. Nxf4 gxf4+ 32. Kd3 Nb5+ 33. Ke2 Nd4+ 34. Kd2
O-O 35. Nd3 exf5 36. e5 Qd7 37. Rxf4 Ne6 38. Rf2 Rc8 39. Qb4 fxg4 40. Qxg4+ Kf8
41. Raf1 Ng5 42. Qxd7 1-0

[Event "3. ODEM U25 2006"]
[Site "Willingen GER"]
[Date "2006.06.09"]
[Round "8"]
[White "Armbrust, Matthias"]
[Black "Tiemann, Tobias"]
[Result "1-0"]
[Termination "normal"]
[Board "29"]
[WhiteElo "1739"]
[BlackElo "989"]
[PlyCount "109"]
[BlackFideId "4642350"]
[EventCountry "GER"]
[EventRounds "9"]
[EventType "swiss"]
[EventDate "2006.06.03"]

1. e4 c5 2. Nc3 Nc6 3. g3 Nf6 4. Bg2 e6 5. f4 d5 6. e5 Nd7 7. Nf3 Be7 8. O-O
O-O 9. d3 f6 10. Bh3 f5 11. g4 g6 12. Kh1 Kh8 13. Rg1 Rg8 14. gxf5 gxf5 15. Bd2
Nb6 16. Ne2 Bd7 17. c3 Rc8 18. Be3 Qc7 19. Bf2 Rxg1+ 20. Nexg1 Rg8 21. Bg2 Nd8
22. Nh3 Nf7 23. Bh4 Bxh4 24. Nxh4 Be8 25. Qe2 Nd7 26. Nxf5 exf5 27. e6 Nb6 28.
exf7 Bxf7 29. Ng5 Rg7 30. Qe3 Bg8 31. Re1 Qc8 32. Qe8 Qxe8 33. Rxe8 h6 34. Ne6
Rf7 35. Nxc5 Kg7 36. Bf3 Rc7 37. d4 Nc4 38. Re2 b6 39. Nd3 Kf6 40. Nb4 Rd7 41.
b3 Na3 42. Re5 Nb5 43. Bxd5 Nxc3 44. Bxg8 Rxd4 45. a3 Rxf4 46. Re3 Rf1+ 47. Kg2
Rc1 48. Rxc3 Rxc3 49. Nd5+ Kg7 50. Nxc3 Kxg8 51. Nb5 a6 52. Nd4 Kf7 53. Nxf5
Kg6 54. Ne7+ Kg5 55. Nd5 1-0

[Event "3. ODEM U25 2006"]
[Site "Willingen GER"]
[Date "2006.06.09"]
[Round "8"]
[White "Schmalz, David"]
[Black "Hauffen, Kai"]
[Result "1-0"]
[Termination "normal"]
[Board "30"]
[WhiteElo "1809"]
[BlackElo "1218"]
[PlyCount "103"]
[WhiteFideId "4642228"]
[EventCountry "GER"]
[EventRounds "9"]
[EventType "swiss"]
[EventDate "2006.06.03"]

1. e4 c5 2. Nf3 d6 3. d4 cxd4 4. Qxd4 e6 5. Bg5 Ne7 6. Nc3 Nbc6 7. Bb5 a6 8.
Bxc6+ Nxc6 9. Qd2 Be7 10. Bxe7 Qxe7 11. O-O-O b5 12. Qxd6 Qxd6 13. Rxd6 Bb7 14.
Rhd1 Rd8 15. Rxd8+ Nxd8 16. Nd2 O-O 17. f3 Nc6 18. Nb3 Ne5 19. Nc5 Bc6 20. Nxa6
Ra8 21. Nc7 Rb8 22. N7xb5 Bxb5 23. Nxb5 Kf8 24. a4 Ke7 25. b3 Nc6 26. Kb2 Rc8
27. c3 h6 28. Nd4 Na5 29. Nb5 g6 30. Na3 Rb8 31. b4 Nb7 32. Nb5 Ra8 33. Kb3 Rb8
34. c4 f6 35. c5 Nd8 36. Rd6 Rc8 37. a5 Rb8 38. Na7 Rb7 39. Nc6+ Nxc6 40. Rxc6
f5 41. e5 g5 42. a6 Ra7 43. b5 h5 44. Kb4 f4 45. b6 Rxa6 46. b7 Rxc6 47. b8=Q
Kd7 48. Kb5 Rc8 49. Qd6+ Ke8 50. Qxe6+ Kd8 51. c6 h4 52. Qd7# 1-0

[Event "3. ODEM U25 2006"]
[Site "Willingen GER"]
[Date "2006.06.09"]
[Round "8"]
[White "Huynh, Nhi Lang"]
[Black "Szczap, Arthur"]
[Result "0-1"]
[Termination "normal"]
[Board "31"]
[WhiteElo "1464"]
[BlackElo "1631"]
[PlyCount "82"]
[WhiteFideId "24669180"]
[BlackFideId "24637394"]
[EventCountry "GER"]
[EventRounds "9"]
[EventType "swiss"]
[EventDate "2006.06.03"]

1. c4 c5 2. Nc3 Nc6 3. e4 d6 4. g3 g6 5. Bg2 Bg7 6. d3 e6 7. Be3 Nge7 8. Nge2
O-O 9. O-O Bd7 10. Rb1 Rb8 11. Nb5 Be8 12. a3 a6 13. Nbc3 b5 14. b3 b4 15. axb4
Nxb4 16. Qd2 Nec6 17. d4 cxd4 18. Nxd4 Nxd4 19. Bxd4 Bxd4 20. Qxd4 Qb6 21. Qd2
f6 22. Rfd1 Rd8 23. Na4 Bxa4 24. bxa4 a5 25. Kh1 Qc7 26. Rdc1 Kg7 27. f4 Qd7
28. Ra1 e5 29. Rd1 Qc7 30. Rdc1 Rb8 31. Ra3 Rfd8 32. Raa1 Qc5 33. Bh3 Nc6 34.
Be6 Nd4 35. Bd5 Nb3 36. Qe2 Nxa1 37. Rxa1 Qd4 38. Rd1 Qb2 39. Qg4 Qc2 40. f5
Rb2 41. fxg6 Qxh2# 0-1

[Event "3. ODEM U25 2006"]
[Site "Willingen GER"]
[Date "2006.06.09"]
[Round "8"]
[White "Völz, Michael"]
[Black "Wierum, Colin"]
[Result "1-0"]
[Termination "normal"]
[Board "32"]
[WhiteElo "1629"]
[BlackElo "1459"]
[PlyCount "51"]
[WhiteFideId "24640107"]
[BlackFideId "24677981"]
[EventCountry "GER"]
[EventRounds "9"]
[EventType "swiss"]
[EventDate "2006.06.03"]

1. e4 d5 2. exd5 Qxd5 3. Nc3 Qa5 4. d4 Nf6 5. Bc4 Nc6 6. Nge2 Bf5 7. Bd2 O-O-O
8. Nb5 Qb6 9. a4 Na5 10. Bxa5 Qxa5+ 11. c3 e5 12. O-O Kb8 13. b4 Qb6 14. Qb3
Bd6 15. Bxf7 Bg6 16. Bc4 a6 17. Nxd6 Qxd6 18. a5 exd4 19. Nxd4 Ne4 20. Rad1 Qf6
21. b5 Ka8 22. bxa6 Nc5 23. axb7+ Nxb7 24. Bd5 Qa6 25. Ne6 Rc8 26. Nc5 1-0